[Event "Muensterland Regionalliga 1819"]
[Site "Germany"]
[Date "2018.12.01"]
[Round "4.6"]
[White "Bruemmer, Andreas"]
[Black "Burike, Christian"]
[Result "1/2-1/2"]
[WhiteElo "1906"]
[BlackElo "1677"]
[PlyCount "98"]
[EventDate "2018.09.08"]
[EventType "team-tourn"]
[EventRounds "9"]
[EventCountry "GER"]
[SourceTitle "EXT 2020"]
[Source "ChessBase"]
[SourceDate "2019.10.17"]
[SourceVersion "1"]
[SourceVersionDate "2019.10.17"]
[SourceQuality "1"]
[WhiteTeam "Rheine Klein Berlin"]
[BlackTeam "Bocholt"]
[WhiteTeamCountry "GER"]
[BlackTeamCountry "GER"]

1. d4 e6 2. c4 d5 3. Nc3 Nf6 4. cxd5 exd5 5. Bg5 Be7 6. e3 0-0 7. Qc2 c6 8. Bd3 h6 9. Bh4 Re8 10. Nge2 Na6 11. a3 Nc7 12. 0-0-0 b5 13. Kb1 b4 14. axb4 Rb8 15. Na2 Bd7 16. Bxf6 Bxf6 17. Nf4 Be7 18. Bf5 a5 19. Bxd7 Qxd7 20. bxa5 Nb5 21. Ka1 Nd6 22. Qa4 Qb7 23. Nd3 Rec8 24. Rc1 Nc4 25. Rc2 Ra8 26. b4 Rcb8 27. Rhc1 Qa6 28. Nb2 Nxb2 29. Rxb2 Rb5 30. Qc2 c5 31. bxc5 Rxa5 32. Rcb1 g6 33. Rb8+ Rxb8 34. Rxb8+ Kg7 35. c6 Bd6 36. Rb7 Ra4 37. Rb3 Rc4 38. Rc3 Qxc6 39. h3 Qa6 40. Rxc4 dxc4 41. e4 Qc6 42. g3 g5 43. Nc3 Qb6 44. Ne2 Qa5+ 45. Kb1 Qb4+ 46. Kc1 Qe1+ 47. Kb2 Qb4+ 48. Kc1 Qe1+ 49. Kb2 Qb4+ 1/2-1/2

[Event "Dortmund op-B"]
[Site "Dortmund"]
[Date "2009.07.05"]
[Round "2"]
[White "Schmidt, Martin"]
[Black "Burike, Christian"]
[Result "1-0"]
[WhiteElo "2107"]
[BlackElo "1658"]
[PlyCount "37"]
[EventDate "2009.07.04"]
[EventType "swiss"]
[EventRounds "9"]
[EventCountry "GER"]
[SourceTitle "EXT 2012"]
[Source "ChessBase"]
[SourceDate "2011.11.24"]
[SourceVersion "1"]
[SourceVersionDate "2011.11.24"]
[SourceQuality "1"]

1. e4 e6 2. d4 d5 3. exd5 exd5 4. c4 dxc4 5. Bxc4 Bf5 6. Nf3 Nd7 7. Qb3 Qe7+ 8. Be3 0-0-0 9. Bxf7 Ngf6 10. Nc3 Nb6 11. Rc1 Rd7 12. Ne5 Ng4 13. Nxd7 Nxe3 14. Nxb6+ axb6 15. fxe3 Qxe3+ 16. Ne2 Qe4 17. 0-0 Bd6 18. Rxf5 Qxf5 19. Be6+ 1-0

[Event "Rheinhausen-ch 13th"]
[Site "Duisburg Rheinhausen"]
[Date "2009.02.13"]
[Round "4"]
[White "Ritter, Uwe"]
[Black "Burike, Christian"]
[Result "1-0"]
[WhiteElo "1930"]
[BlackElo "1473"]
[PlyCount "63"]
[EventDate "2009.01.09"]
[EventType "swiss"]
[EventRounds "7"]
[EventCountry "GER"]
[SourceTitle "EXT 2018"]
[Source "ChessBase"]
[SourceDate "2017.10.13"]
[SourceVersion "1"]
[SourceVersionDate "2017.10.13"]
[SourceQuality "1"]

1. e4 e6 2. d4 d5 3. Nd2 c5 4. exd5 Qxd5 5. Ngf3 Nc6 6. Bc4 Qf5 7. 0-0 Nf6 8. Nb3 Bd7 9. Bd3 Qh5 10. Be2 cxd4 11. Bf4 Qf5 12. Bc7 Rc8 13. Nfxd4 Nxd4 14. Nxd4 Qc5 15. Bg3 Be7 16. b4 Qxb4 17. Rb1 Qa3 18. Nb5 Qxa2 19. Nc7+ Rxc7 20. Bxc7 0-0 21. Ra1 Qb2 22. Rb1 Qd4 23. Rxb7 Rc8 24. Bg3 Qc3 25. Rxd7 Nxd7 26. Qxd7 Bf6 27. Ba6 Rd8 28. Qxa7 g6 29. Bc7 Re8 30. Qb6 Qd2 31. Qc6 Rf8 32. Qf3 1-0

[Event "Dortmund Sparkassen op-B"]
[Site "Dortmund"]
[Date "2008.07.06"]
[Round "9"]
[White "Burike, Christian"]
[Black "Henkemeier, Markus"]
[Result "0-1"]
[WhiteElo "1492"]
[BlackElo "1570"]
[PlyCount "87"]
[EventDate "2008.06.30"]
[EventType "swiss"]
[EventRounds "9"]
[EventCountry "GER"]
[SourceTitle "EXT 2022"]
[Source "ChessBase"]
[SourceDate "2021.10.06"]
[SourceVersion "1"]
[SourceVersionDate "2021.10.06"]
[SourceQuality "1"]

1. c4 Nf6 2. g3 e6 3. Bg2 c5 4. Nf3 Nc6 5. 0-0 Be7 6. Nc3 0-0 7. d4 cxd4 8. Nxd4 Nxd4 9. Qxd4 Qa5 10. Nb5 d5 11. Bd2 Bb4 12. Bf4 a6 13. Nc7 Bc5 14. Qd3 Ra7 15. cxd5 exd5 16. Nxd5 Nxd5 17. Qxd5 Be6 18. Qg5 f6 19. Qh4 b6 20. Rfd1 g5 21. Bxg5 fxg5 22. Qxg5+ Rg7 23. Qh4 Bxf2+ 24. Kh1 b5 25. Be4 Qc7 26. Rac1 Qa7 27. Rd8 Bc5 28. Rcd1 Be7 29. Rxf8+ Bxf8 30. Qf6 Bxa2 31. Qd8 Qe7 32. Qd3 Bc4 33. Qf3 Kh8 34. Rf1 Rf7 35. Qc3+ Bg7 36. Rxf7 Qxf7 37. Qe1 Bxb2 38. Qb1 Bg7 39. Qd1 Qe7 40. Bf3 a5 41. Qc2 a4 42. Qf5 a3 43. Be4 Qxe4+ 44. Qxe4 0-1

[Event "Dortmund Sparkassen op-B"]
[Site "Dortmund"]
[Date "2006.08.01"]
[Round "4"]
[White "Wiemann, Peter"]
[Black "Burike, Christian"]
[Result "0-1"]
[WhiteElo "1549"]
[BlackElo "1400"]
[PlyCount "92"]
[EventDate "2006.07.28"]
[EventType "swiss"]
[EventRounds "9"]
[EventCountry "GER"]
[SourceTitle "CBM 113 Extra"]
[Source "ChessBase"]
[SourceDate "2006.09.14"]
[SourceVersion "1"]
[SourceVersionDate "2006.09.14"]
[SourceQuality "1"]

1. c4 c5 2. Nc3 Nf6 3. g3 g6 4. Bg2 Nc6 5. Nf3 Bg7 6. 0-0 0-0 7. Rb1 d6 8. a3 a5 9. d3 Rb8 10. Be3 e6 11. Qc1 Qe7 12. Bh6 Na7 13. Bxg7 Kxg7 14. b4 axb4 15. axb4 cxb4 16. Rxb4 d5 17. Qb2 Kg8 18. Nd2 Nc6 19. Rb6 Nd7 20. Rb5 Nd4 21. Ra5 b6 22. Ra2 dxc4 23. Nxc4 Nf5 24. Nb5 Bb7 25. e4 Ng7 26. Ra7 Ne8 27. Rc1 Nc5 28. Qe5 Rd8 29. Nb2 Nxd3 30. Nxd3 Rxd3 31. Rc8 Rd7 32. Rc1 Bc6 33. Rxc6 Rxa7 34. Nxa7 Qxa7 35. Qb5 Qa1+ 36. Bf1 Nf6 37. e5 Nd5 38. Kg2 Qxe5 39. Rxb6 Qe4+ 40. f3 Qc2+ 41. Kg1 Nxb6 42. Qxb6 Rc8 43. Qb7 Qc6 44. Qb3 Qc5+ 45. Kh1 Qf2 46. Qd3 Rc2 0-1

[Event "Dortmund Sparkassen op-B"]
[Site "Dortmund"]
[Date "2006.07.30"]
[Round "3"]
[White "Burike, Christian"]
[Black "Dirks, Rainer"]
[Result "1-0"]
[WhiteElo "1400"]
[BlackElo "984"]
[PlyCount "69"]
[EventDate "2006.07.28"]
[EventType "swiss"]
[EventRounds "9"]
[EventCountry "GER"]
[SourceTitle "CBM 113 Extra"]
[Source "ChessBase"]
[SourceDate "2006.09.14"]
[SourceVersion "1"]
[SourceVersionDate "2006.09.14"]
[SourceQuality "1"]

1. d4 e6 2. c4 Bb4+ 3. Bd2 Be7 4. g3 Nf6 5. Bg2 0-0 6. Nc3 c5 7. e3 cxd4 8. exd4 d5 9. cxd5 exd5 10. Nge2 Re8 11. 0-0 Nc6 12. Be3 Bg4 13. a3 Qd7 14. b4 a6 15. Qb3 Bh3 16. Bxh3 Qxh3 17. Nf4 Qd7 18. Ncxd5 Ne4 19. Qd3 Bg5 20. Nb6 Ne5 21. dxe5 Qxd3 22. Nxd3 Rad8 23. Bxg5 Nxg5 24. Nc5 Rxe5 25. f4 Nh3+ 26. Kg2 Re2+ 27. Kxh3 Rd6 28. Rad1 Rh6+ 29. Kg4 g6 30. Rh1 Re3 31. Rd3 f5+ 32. Kg5 Rh5+ 33. Kf6 Kf8 34. Rd8+ Re8 35. Ncd7+ 1-0

[Event "Dortmund Sparkassen op-B"]
[Site "Dortmund"]
[Date "2006.07.28"]
[Round "2"]
[White "Bagusat, Thomas"]
[Black "Burike, Christian"]
[Result "1-0"]
[WhiteElo "1696"]
[BlackElo "1400"]
[PlyCount "73"]
[EventDate "2006.07.28"]
[EventType "swiss"]
[EventRounds "9"]
[EventCountry "GER"]
[SourceTitle "CBM 113 Extra"]
[Source "ChessBase"]
[SourceDate "2006.09.14"]
[SourceVersion "1"]
[SourceVersionDate "2006.09.14"]
[SourceQuality "1"]

1. c4 Nf6 2. Nc3 e6 3. g3 d5 4. cxd5 exd5 5. Nf3 c6 6. Bg2 Bf5 7. 0-0 Bd6 8. d3 Nbd7 9. Bg5 Qb6 10. e4 dxe4 11. dxe4 Bg4 12. Qxd6 0-0-0 13. Qa3 Rde8 14. Rfe1 a6 15. Na4 Qc7 16. Nc5 h6 17. Bf4 Qb6 18. e5 Nd5 19. Nxd7 Bxd7 20. Be3 Qc7 21. Bc5 g5 22. Bd6 Qb6 23. Nd2 Be6 24. Rac1 h5 25. Ne4 g4 26. Bc5 Qd8 27. Nd6+ Kb8 28. Nxe8 Rxe8 29. Bd6+ Kc8 30. b4 Qb6 31. Qb2 Rh8 32. a4 Kd7 33. Bc5 Qd8 34. b5 Qc7 35. bxa6 bxa6 36. Bxd5 Bxd5 37. e6+ 1-0